| 000 | 00677nam a2200181Ia 4500 | ||
|---|---|---|---|
| 008 | 090630s9999 xx 000 0 und d | ||
| 082 | _b19046 | ||
| 100 | _aओशो अमृतगाथा. | ||
| 245 |
_aसंन्यास : महारासलीला. _cओशो अमृतगाथा. |
||
| 260 |
_bस्वामी - पुणे. _c1992 |
||
| 300 | _a70 | ||
| 600 | _aओशो अमृतगाथा. | ||
| 630 | _aसंन्यास : महारासलीला. | ||
| 655 | _aधार्मिक. | ||
| 700 | _aओशो अमृतगाथा. | ||
| 730 | _aसंन्यास : महारासलीला. | ||
| 942 | _cBOOK | ||
| 999 |
_c270902 _d270902 |
||